[Event "Ceriano Laghetto op-B 17th"]
[Site "Ceriano Laghetto"]
[Date "2008.03.30"]
[Round "5"]
[White "Mancin, Mariano"]
[Black "Cardani, Roberto"]
[Result "1/2-1/2"]
[WhiteElo "1876"]
[BlackElo "1927"]
[PlyCount "133"]
[EventDate "2008.03.28"]
[EventType "swiss"]
[EventRounds "5"]
[EventCountry "ITA"]
[SourceTitle "EXT 2011"]
[Source "ChessBase"]
[SourceDate "2010.11.26"]
[SourceVersion "1"]
[SourceVersionDate "2010.11.26"]
[SourceQuality "1"]

1. e4 c5 2. Nc3 Nc6 3. g3 g6 4. Bg2 Bg7 5. d3 d6 6. Be3 e6 7. Qd2 Rb8 8. Nge2 Nd4 9. Nd1 b5 10. Nc1 b4 11. c3 bxc3 12. bxc3 Nc6 13. 0-0 Nge7 14. Bh6 0-0 15. Bxg7 Kxg7 16. f4 f5 17. exf5 gxf5 18. Ne2 Qb6 19. Nf2 Bd7 20. Qc2 Qb2 21. Rfc1 Rb6 22. Nd1 Qxc2 23. Rxc2 Rfb8 24. Kf1 e5 25. Ke1 Be6 26. Kd2 Kf6 27. Kc1 Bd5 28. Ne3 Bxg2 29. Nxg2 Nd5 30. Kd2 Rb2 31. Rac1 Na5 32. Ne3 Nxe3 33. Kxe3 Nc6 34. Kd2 e4 35. Rxb2 Rxb2+ 36. Rc2 e3+ 37. Kc1 Rb8 38. Rb2 Re8 39. Rb7 Re7 40. Rxe7 Kxe7 41. d4 cxd4 42. cxd4 Ke6 43. Kc2 Kd5 44. Kd3 Nb4+ 45. Kxe3 Nxa2 46. h3 h5 47. Kf3 a5 48. g4 hxg4+ 49. hxg4 fxg4+ 50. Kxg4 Ke6 51. Kg5 Kf7 52. f5 a4 53. Kf4 a3 54. Ke4 Nb4 55. Nc1 Kf6 56. Nb3 a2 57. Na1 d5+ 58. Kf4 Nc6 59. Ke3 Kxf5 60. Kd3 Kf4 61. Kc3 Ke4 62. Kb3 Kxd4 63. Kxa2 Kc3 64. Nb3 Nd4 65. Nc5 Kc2 66. Ka3 Nb5+ 67. Kb4 1/2-1/2